| 000 | 00528nab#a2200181#c#4500 | ||
|---|---|---|---|
| 999 |
_c87923 _d87923 |
||
| 003 | IEF | ||
| 005 | 20191205173713.0 | ||
| 008 | 950704s1976 uuu|| #####0 b| |u | ||
| 040 |
_aIEF _cES-MaIEF |
||
| 100 | 1 |
_aAlbi Ibáñez, Emilio _9257 |
|
| 245 |
_aNota sobre la validez metodológica del análisis coste - beneficio _c Emilio Albi Ibáñez |
||
| 260 | _c1976 | ||
| 650 | 4 |
_aANALISIS COSTE BENEFICIO _950209 |
|
| 773 | 0 |
_tHacienda pública española _w34570 _g40, p. 199-202 |
|
| 942 | _2udc | ||
| 942 | _2udc | ||